000 00747nam a22001937a 4500
005 20251108175412.0
008 250721s2001 xx 000 0 ara d
082 1 4 _aم/615.882/بيط
100 1 _aابن البيطار، ضياء أبو محمد عبد الله بن أحمد المالكي البياتي
245 1 0 _aالجامع لمفردات الأدوية و الأغذية /
264 1 _aبيروت :
_bدارالكتب العلمية،
_c2001.
300 _a4ج في 2 مج.
650 1 7 _aالطب الشعبي
650 1 7 _aالأدوية
650 1 7 _aالقواميس
700 1 _aالمالقي، ضياء الدين أبي محمد عبدالله بن أحمد الأندلسي
942 _2ddc
_cREF
999 _c133264
_d133264